Statistics for General Knowledge #5

Click here to take the quiz!

General Stats

  • This quiz has been taken 31 times
  • The average score is 11 of 25

Answer Stats

QuestionAnswer% Correct
In what year was the Chernobyl disaster?1986
92%
Which former British colony was given back to China in 1997?Hong Kong
85%
Which city was the first to have an underground rail system?London
81%
How many human players are there on each side in a polo match?4
77%
How many dots appear on a die?21
73%
What city would you be in, if you were standing on the Spanish Steps?Rome
73%
Which person made a cameo appearance in every single Marvel movie until his death in 2018?Stan Lee
65%
'Café Terrace at Night' is an 1888 oil painting by which Dutch master?Vincent van Gogh
65%
Marcel Desailly was a World Cup winning footballer for which country?France
62%
What phone company produced the 3310?Nokia
54%
In which game do you draw part of a gallows for every wrong answer?Hangman
50%
Who assassinated John Lennon?Mark David Chapman
50%
What type of animal is a Flemish giant?Rabbit
42%
Who had a horse called Bucephalus?Alexander the Great
38%
Muhammad Ali was born in which US state?Kentucky
38%
Queen guitarist Brian May is also an expert in what scientific field?Astrophysics
35%
What is the name given to Indian food cooked over charcoal in a clay oven?Tandoori
35%
In what country would you find Lake Bled?Slovenia
27%
What did Jack Dorsey, Noah Glass, Biz Stone, and Evan Williams collectively create?Twitter
23%
In Game of Thrones, what is the ancestral home of the Lannister family?Casterly Rock
19%
In which video game can characters perform a 'Fatality'?Mortal Kombat
19%
Which former World Rally champion died in a helicopter crash in 2007?Colin McRae
12%
What is the best-selling novel of all time?Don Quixote
12%
What is Neo's real name in The Matrix?Thomas Anderson
12%
What is the name for a group of Jellyfish?Bloom
4%

Score Distribution

Percentile by Number Answered

Percent of People with Each Score

Your Score History

You have not taken this quiz